000 00377nam a2200121Ia 4500
008 220204s9999 xx 000 0 und d
082 _a635.9
_bMAS;1
100 _aMASTALERZ, John W
245 0 _aGreen house environment: The effect of environmental factos on the growth and development of flower crops
260 _aNew York
_bWiley
_c1977
650 _aGreenhouse
942 _cBK
999 _c28714
_d28714